Translate these Countries from Vietnamese to English #2 - Statistics

General Stats
  • This quiz has been taken 287 times
  • The average score is 10 of 14
Answer Stats
tiếng Việt English % Correct
Pháp France
91%
Nhật Bản Japan
91%
Trung Quốc China
83%
Nga Russia
81%
Ý Italy
80%
Tây Ban Nha Spain
77%
Úc Australia
76%
Thụy Điển Sweden
65%
Thổ Nhĩ Kỳ Turkey
64%
Thụy Sĩ Switzerland
60%
Triều Tiên North Korea
59%
Séc Czech Republic
56%
Síp Cyprus
43%
Trung Phi Central African Republic
42%
No matching quizzes found
Score Distribution
Percent of People with Each Score
Percentile by Number Answered
Your Score History
You have not taken this quiz